000 00625nam a2200193 a 4500
001 000017500
005 20240412074247.0
008 100325s1971 dr 000 p spa d
040 _aDO-SdBNP
_bspa
_cBNPHU
082 _aRD861.44
_bF825c
100 1 _aFranco, José Ulises
_938222
245 1 0 _aCibao adentro :
_b(romancero) /
_cJosé Ulises Franco.
260 _aSantiago de los Caballeros :
_bOff-set,
_c1971.
300 _a105 p. :
_bretr. ;
_c22 cm.
590 _aLa biblioteca posee 2 ejemplares autografiados por el autor.
650 0 _aPoesía dominicana
_966
650 0 _aLiteratura dominicana.
_967
049 _aBNPD
999 _c17025
_d17025